000 00870cam a2200277 a 4500
001 3833268
003 SISC
005 20160404093215.0
008 860814s1986 nyua 001 0 eng
010 _a 86195000
040 _aDLC
_cDLC
_dDLC
043 _an-us---
050 0 0 _aHS 3359
_b.J95 1974
245 0 0 _aJunior Girl Scout handbook /
_c[authors, Harriet S. Mosatche ... et al.].
260 _aNew York, N.Y. :
_bGirl Scouts of the U.S.A.,
_cc1963.
300 _a371p. :
_bcol. ill. ;
_c28 cm.
500 _aIncludes index.
650 0 _aGirl Scouts
_zUnited States
_vHandbooks, manuals, etc.
_910333
700 1 _aMosatche, Harriet S.,
_d1949-
_910334
710 2 _aGirl Scouts of the United States of America.
_910335
906 _a7
_bcbc
_corignew
_d3
_encip
_f19
_gy-gencatlg
942 _2lcc
_cBK
999 _c42315
_d42315